<?xml version="1.0" encoding="UTF-8"?>
<record
    xmlns:xsi="http://www.w3.org/2001/XMLSchema-instance"
    xsi:schemaLocation="http://www.loc.gov/MARC21/slim http://www.loc.gov/standards/marcxml/schema/MARC21slim.xsd"
    xmlns="http://www.loc.gov/MARC21/slim">

  <leader>02708nam a22003017a 4500</leader>
  <controlfield tag="001">8706</controlfield>
  <controlfield tag="003">FISKH</controlfield>
  <controlfield tag="005">20251013114827.0</controlfield>
  <controlfield tag="008">251013b        cb ||||| |||| 00| 0 eng d</controlfield>
  <datafield tag="020" ind1=" " ind2=" ">
    <subfield code="a">9789996325748</subfield>
  </datafield>
  <datafield tag="040" ind1=" " ind2=" ">
    <subfield code="a">FISKH</subfield>
    <subfield code="b">khr</subfield>
    <subfield code="c">FISKH</subfield>
    <subfield code="d">FISKH</subfield>
  </datafield>
  <datafield tag="050" ind1=" " ind2=" ">
    <subfield code="a">PZ7</subfield>
  </datafield>
  <datafield tag="082" ind1=" " ind2=" ">
    <subfield code="a">398.209596</subfield>
  </datafield>
  <datafield tag="100" ind1=" " ind2=" ">
    <subfield code="a">Mony, Kun</subfield>
  </datafield>
  <datafield tag="245" ind1=" " ind2=" ">
    <subfield code="a">&#x178A;&#x17BE;&#x1798;&#x1780;&#x17C6;&#x178E;&#x17BE;&#x178F;&#x179F;&#x178F;&#x17D2;&#x179C;&#x1780;&#x17BC;&#x1793;&#x179B;&#x17C4;&#x1780; :</subfield>
    <subfield code="b">The starlings ( Kaun Lauk Birds ) / </subfield>
    <subfield code="c">&#x17A2;&#x17D2;&#x1793;&#x1780;&#x179A;&#x17C0;&#x1794;&#x179A;&#x17C0;&#x1784; &#x1782;&#x17BB;&#x178E; &#x1798;&#x17BB;&#x1793;&#x17D2;&#x1793;&#x17B8; </subfield>
  </datafield>
  <datafield tag="260" ind1=" " ind2=" ">
    <subfield code="a">Phnom Penh : </subfield>
    <subfield code="b">Book World , </subfield>
    <subfield code="c">2015. </subfield>
  </datafield>
  <datafield tag="300" ind1=" " ind2=" ">
    <subfield code="a">24 pages : </subfield>
    <subfield code="b">color illustrations ; </subfield>
    <subfield code="c">25 cm. </subfield>
  </datafield>
  <datafield tag="505" ind1=" " ind2=" ">
    <subfield code="a">L 
</subfield>
  </datafield>
  <datafield tag="520" ind1=" " ind2=" ">
    <subfield code="a">&#x1793;&#x17C5;&#x179F;&#x1798;&#x17D0;&#x1799;&#x1794;&#x17BB;&#x179A;&#x17B6;&#x178E; &#x1782;&#x17C1;&#x179A;&#x17C0;&#x1794;&#x179A;&#x17B6;&#x1794;&#x17CB;&#x1790;&#x17B6; &#x1798;&#x17B6;&#x1793;&#x1796;&#x17D2;&#x179A;&#x17C7;&#x17A2;&#x17B6;&#x1791;&#x17B7;&#x1791;&#x17C1;&#x1796;&#x1794;&#x17B6;&#x1793;&#x1794;&#x1784;&#x17D2;&#x1780;&#x17BE;&#x178F;&#x179F;&#x178F;&#x17D2;&#x179C;&#x1798;&#x17BD;&#x1799;&#x1794;&#x17D2;&#x179A;&#x1797;&#x17C1;&#x1791; &#x178A;&#x17C2;&#x179B;&#x1798;&#x17B6;&#x1793;&#x179A;&#x17B6;&#x1784;&#x1780;&#x17B6;&#x1799;&#x178F;&#x17BC;&#x1785; &#x178F;&#x17C2;&#x179B;&#x17BF;&#x1793; &#x1798;&#x17B6;&#x1793;&#x1797;&#x17B6;&#x1796;&#x1786;&#x17D2;&#x179B;&#x17B6;&#x178F;&#x179C;&#x17C3; &#x1793;&#x17B7;&#x1784;&#x1798;&#x17B6;&#x1793;&#x17A2;&#x178F;&#x17D2;&#x178F;&#x179F;&#x1789;&#x17D2;&#x1789;&#x17B6;&#x178E;&#x1796;&#x17B7;&#x179F;&#x17C1;&#x179F;&#x17D4; &#x179F;&#x178F;&#x17D2;&#x179C;&#x1793;&#x17C4;&#x17C7;&#x1782;&#x17BA; "&#x1780;&#x17BC;&#x1793;&#x179B;&#x17C4;&#x1780;"&#x17D4; &#x1782;&#x17C1;&#x1787;&#x17BF;&#x1790;&#x17B6; &#x179F;&#x178F;&#x17D2;&#x179C;&#x1793;&#x17C1;&#x17C7;&#x1780;&#x17BE;&#x178F;&#x17A1;&#x17BE;&#x1784;&#x1796;&#x17B8;&#x1780;&#x17B6;&#x179A;&#x179B;&#x17C1;&#x1784;&#x179F;&#x17C6;&#x178E;&#x17BE;&#x1785;&#x179A;&#x1794;&#x179F;&#x17CB;&#x1791;&#x17C1;&#x179C;&#x178F;&#x17B6; &#x17AC;&#x1787;&#x17B6;&#x1795;&#x179B;&#x179C;&#x17B7;&#x1794;&#x17B6;&#x1780;&#x1793;&#x17C3;&#x17A2;&#x17C6;&#x1796;&#x17BE;&#x1798;&#x1793;&#x17BB;&#x179F;&#x17D2;&#x179F;&#x17D4;
&#x179A;&#x17BF;&#x1784;&#x1793;&#x17C1;&#x17C7;&#x1793;&#x17B7;&#x1799;&#x17B6;&#x1799;&#x1796;&#x17B8;&#x179C;&#x17B7;&#x1792;&#x17B8;&#x178A;&#x17C2;&#x179B;&#x179F;&#x178F;&#x17D2;&#x179C;&#x1780;&#x17BC;&#x1793;&#x179B;&#x17C4;&#x1780; &#x1794;&#x17B6;&#x1793;&#x1780;&#x17BE;&#x178F;&#x17A1;&#x17BE;&#x1784; &#x178F;&#x17B6;&#x17C6;&#x1784;&#x1796;&#x17B8;&#x178A;&#x17C6;&#x178E;&#x17BE;&#x179A;&#x179A;&#x1794;&#x179F;&#x17CB;&#x179C;&#x17B6; &#x1780;&#x17B6;&#x179A;&#x1794;&#x17D2;&#x179A;&#x1788;&#x1798;&#x1798;&#x17BB;&#x1781;&#x1787;&#x17B8;&#x179C;&#x17B7;&#x178F; &#x1793;&#x17B7;&#x1784;&#x1791;&#x17C6;&#x1793;&#x17B6;&#x1780;&#x17CB;&#x1791;&#x17C6;&#x1793;&#x1784;&#x179A;&#x1794;&#x179F;&#x17CB;&#x179C;&#x17B6;&#x1787;&#x17B6;&#x1798;&#x17BD;&#x1799;&#x179F;&#x178F;&#x17D2;&#x179C;&#x1795;&#x17D2;&#x179F;&#x17C1;&#x1784;&#x1791;&#x17C0;&#x178F; &#x1793;&#x17B7;&#x1784;&#x1798;&#x1793;&#x17BB;&#x179F;&#x17D2;&#x179F;&#x17D4; &#x179C;&#x17B6;&#x1787;&#x17B6;&#x179A;&#x17BF;&#x1784;&#x1796;&#x17C1;&#x1789;&#x1793;&#x17B7;&#x1799;&#x1798;&#x179F;&#x1798;&#x17D2;&#x179A;&#x17B6;&#x1794;&#x17CB;&#x1780;&#x17BB;&#x1798;&#x17B6;&#x179A; &#x178A;&#x17C4;&#x1799;&#x1795;&#x17D2;&#x1791;&#x17BB;&#x1780;&#x1793;&#x17BC;&#x179C;&#x17A2;&#x17C6;&#x178E;&#x17C4;&#x1799;&#x1792;&#x1798;&#x17CC; &#x1793;&#x17B7;&#x1784;&#x1780;&#x17B6;&#x179A;&#x179F;&#x17C6;&#x1794;&#x17BC;&#x179A;&#x1781;&#x17B6;&#x1784;&#x1780;&#x17C6;&#x1794;&#x17D2;&#x179B;&#x17C2;&#x1784;&#x1794;&#x17C2;&#x1794;&#x179F;&#x17C6;&#x178E;&#x17BE;&#x1785;&#x17D4;</subfield>
  </datafield>
  <datafield tag="520" ind1=" " ind2=" ">
    <subfield code="a">In ancient times, it is said that a supreme deity created a type of animal that was small in size but fast, intelligent, and possessed a unique identity. That animal was called "Kon Lok" (meaning "the Lord's child" or a special creature in Khmer folklore). It is believed that this creature was born either from the gods&#x2019; playful mischief or as a result of human karma.
This story tells how the Kon Lok came into existence, its journey through life, the challenges it faced, and its interactions with other animals and humans. It is a popular tale among children, filled with moral lessons and humor.</subfield>
  </datafield>
  <datafield tag="521" ind1="8" ind2=" ">
    <subfield code="a">530 
</subfield>
    <subfield code="b">Lexile estimate 
</subfield>
  </datafield>
  <datafield tag="521" ind1="8" ind2=" ">
    <subfield code="a">M
 </subfield>
    <subfield code="b">Raz-Plus 
</subfield>
  </datafield>
  <datafield tag="650" ind1=" " ind2=" ">
    <subfield code="a">&#x179F;&#x178F;&#x17D2;&#x179C;&#x1780;&#x17BC;&#x1793;&#x179B;&#x17C4;&#x1780;</subfield>
  </datafield>
  <datafield tag="650" ind1=" " ind2=" ">
    <subfield code="a">The starlings ( Kaun Lauk Birds ) </subfield>
  </datafield>
  <datafield tag="700" ind1=" " ind2=" ">
    <subfield code="a">Rabee, Tha </subfield>
    <subfield code="e">Illustrator </subfield>
  </datafield>
  <datafield tag="942" ind1=" " ind2=" ">
    <subfield code="2">ddc</subfield>
    <subfield code="c">KHB</subfield>
    <subfield code="n">0</subfield>
  </datafield>
  <datafield tag="999" ind1=" " ind2=" ">
    <subfield code="c">8706</subfield>
    <subfield code="d">8706</subfield>
  </datafield>
  <datafield tag="952" ind1=" " ind2=" ">
    <subfield code="0">0</subfield>
    <subfield code="1">0</subfield>
    <subfield code="2">ddc</subfield>
    <subfield code="4">0</subfield>
    <subfield code="7">0</subfield>
    <subfield code="8">Khmer-English Bilingual </subfield>
    <subfield code="a">002</subfield>
    <subfield code="b">002</subfield>
    <subfield code="c">TTP Khmer</subfield>
    <subfield code="d">2025-10-13</subfield>
    <subfield code="l">0</subfield>
    <subfield code="o">MON PZ7 398.209596</subfield>
    <subfield code="p">FIS01760</subfield>
    <subfield code="r">2025-10-13 11:48:24</subfield>
    <subfield code="t">1</subfield>
    <subfield code="w">2025-10-13</subfield>
    <subfield code="y">KHB</subfield>
  </datafield>
  <datafield tag="952" ind1=" " ind2=" ">
    <subfield code="0">0</subfield>
    <subfield code="1">0</subfield>
    <subfield code="2">ddc</subfield>
    <subfield code="4">0</subfield>
    <subfield code="7">0</subfield>
    <subfield code="8">Khmer-English Bilingual </subfield>
    <subfield code="a">002</subfield>
    <subfield code="b">002</subfield>
    <subfield code="c">TTP Khmer</subfield>
    <subfield code="d">2025-10-23</subfield>
    <subfield code="l">0</subfield>
    <subfield code="o">MON PZ7 398.209596</subfield>
    <subfield code="p">FIS03646</subfield>
    <subfield code="r">2025-10-23 13:26:39</subfield>
    <subfield code="t">2</subfield>
    <subfield code="w">2025-10-23</subfield>
    <subfield code="y">KHB</subfield>
  </datafield>
</record>
